| 000 | 00000nam 2200000za 4500 |
| 001 | 9.828776 |
| 003 | CaOODSP |
| 005 | 20221107145127 |
| 007 | cr ||||||||||| |
| 008 | 161207s2016 quc o f00| 0 fre d |
| 020 | |a978-0-660-07024-7 |
| 040 | |aCaOODSP|bfre |
| 043 | |an-cn--- |
| 086 | 1 |aEn4-294/2016F-PDF |
| 245 | 00|aCadre pancanadien sur la croissance propre et les changements climatiques |h[ressource électronique] : |bplan canadien de lutte contre les changements climatiques. |
| 260 | |aGatineau, Québec : |bEnvironnement et changement climatique Canada, |c2016. |
| 300 | |a90 p. |
| 500 | |aPubl. aussi en anglais sous le titre : Pan-Canadian Framework on Clean Growth and Climate Change. |
| 692 | 07|2gccst|aDéveloppement économique |
| 692 | 07|2gccst|aChangement climatique |
| 710 | 1 |aCanada. |bEnvironnement et changement climatique Canada. |
| 775 | 08|tPan-Canadian Framework on Clean Growth and Climate Change |w(CaOODSP)9.828774 |
| 856 | 40|qPDF|s2.33 Mo|uhttps://publications.gc.ca/collections/collection_2017/eccc/En4-294-2016-fra.pdf |